000 00367 a2200169 4500
001 185111
020 _a85-04-00858-4
040 _cMagnum
100 _aBelinky, Tatiana
240 1 0 _aTeatro para a juventude
_lpor
245 1 0 _aTeatro para a juventude
300 _a126
362 0 _a2005
440 1 _aNacional
697 _aLITERATURA JUVENIL
942 _cBK
999 _c185111
_d185111